Drip/trickle irrigation in action. V 2. (Record no. 39363)

MARC details
000 -LEADER
fixed length control field 00491nam a2200133Ia 4500
082 ## - DEWEY DECIMAL CLASSIFICATION NUMBER
Classification number 631.67
Item number CAL.2
245 #0 - TITLE STATEMENT
Title Drip/trickle irrigation in action. V 2.
260 ## - PUBLICATION, DISTRIBUTION, ETC. (IMPRINT)
Place of publication Michigan
Name of publisher ASAE
Year of publication 1985
490 ## - SERIES STATEMENT
Series statement ASAE publication; no 10-85
505 ## - FORMATTED CONTENTS NOTE
Formatted contents note Proceedings of the third international drip/trickle irrigation congress, November 18-21, 1985 Centre Plaza Holiday Inn Fresno, California USA
650 ## - SUBJECT ADDED ENTRY--TOPICAL TERM
Topical Term Drip/trickle irrigation
942 ## - ADDED ENTRY ELEMENTS (KOHA)
Koha item type Books
Holdings
Withdrawn status Lost status Damaged status Not for loan Home library Current library Date acquired Full call number Accession Number Koha item type
        RRII Library RRII Library 16/12/2021 631.67 CAL.2 19698 Books